| 000 | 01652nam a2200313 a 4500 | ||
|---|---|---|---|
| 001 | BRCA_3022 | ||
| 005 | 20190320204055.0 | ||
| 008 | 200109s1750----gw-a---###---#000-0#fre-u | ||
| 041 | _afre | ||
| 044 | _agw | ||
| 084 |
_a338 _b.B3776 _c1750 |
||
| 100 | 1 |
_aCervantes Saavedra, Miguel de _d1547-1616 _9213 |
|
| 245 | 1 | 0 |
_aHistoire de L´Admirable Don Quichotte de la Manche _cMiguel de Cervantes Saavedra. |
| 260 |
_aFrancfort _bJean-Francois Bassompierre _c1750 |
||
| 300 |
_a6 v. _bil. _c15 cm. |
||
| 500 | _aContenido : v 1. Primera parte. Advertencia del traductor. Dedicatoria a Don Quijote. Composición por el traductor dirigida al lector. Texto. -- v 2. Texto. -- v 3. Segunda parte. Texto. -- v 4. Texto. -- v 5. Primera parte de la continuación del Quijote por el traductor. -- v 6. Seguunda parte de la continuación del Quijote por el traductor | ||
| 500 | _aEdición : Nouvelle Edition Revueé Corrigeé et Augmentée | ||
| 500 | _aLa misma versión francesa un poco abreviada de Filleau de Saint-Martin con su disparatada continuación. Las ilustraciones mal hechas reproducen las conocidas de Coypel. Piel; lomeras adornadas con dorados Lúdovik Osterc | ||
| 500 | _aQM265 | ||
| 546 | _aTexto en : francés | ||
| 650 | 1 | 4 |
_aNovela española _yÉpoca clásica, 1500-1700 _9215 |
| 650 | 1 | 4 |
_aLiteratura española _yÉpoca clásica, 1500-1700 _9216 |
| 650 | 1 | 4 |
_aNovela española _ySiglo XVII _9217 |
| 650 | 1 | 4 |
_aDon Quijote (Personaje ficticio) _eNovela _9218 |
| 700 | 1 |
_aSaint-Martin, Francois Filleau de _d1632-1695 _eTraductor _98316 |
|
| 740 | 0 | _aEl Ingenioso Hidalgo Don Quijote de la Mancha | |
| 902 | _aQFM | ||
| 942 |
_2lcc _cB |
||
| 999 |
_c2759 _d2759 |
||